00663cam a22002177a 4500003000500000005001700005008004100022010001000063011001000073035001000083040000900093100002000102245011700122260006400239300001000303490001500313650004000328650003900368650002300407830001500430CHAP20220817042613.0971013s1965 wau r 00010 spa d a49529 a50501 a54651 cCHAP00aTorres, Leonel.13aLa acción del BID en el desarrollo agrícola de América Latina; adiestramiento y capacitación agrícolas aWashington, DC :bBanco Interamericano de Desarrollo,c1965 a37 h. 0aDoc.v; 2814aAgriculturaxAspectos económicos.14aBanco Interamericano de Desarrollo14aBancos de fomento.0 aDoc.v; 28